000 00304nam a2200121Ia 4500
008 190216s9999||||xx |||||||||||||| ||und||
100 _aEdasseri Govindan Nair
245 0 _aPuthankalavum Arivalum Pootappattum
260 _bNational Book Stall
_c1981
300 _a51p
650 _aPadanam
942 _cBK
999 _c25635
_d25635